000 00998nam a2200265 a 4500
001 BRCA_3759
005 20190320204420.0
008 891219r19811841mx-h---###---#000-0#spa-#
041 _aspa
044 _amx
050 4 _aF1391.M4
_b.G83 1981
100 1 _aGualdi, Pedro
_d1809-1857
_99801
245 1 0 _aMonumentos de Méjico
_cPedro Gualdi ; presentación de Luis Ortiz Macedo ; edición Ludwig Iven.
260 _aMéxico
_bFomento Cultural Banamex
_c1981
300 _a1 v. (sin paginación)
_bil., 31 láminas sueltas
_c38 cm.
500 _aFacsímil de: Monumentos de Méjico: tomados del natural y litografiados por Pedro Gualdi en el año de 1841
500 _aColección Sonia Corcuera de Mancera
500 _aPor su formato NO se presta a domicilio
650 1 4 _aMonumentos históricos
_zMéxico
_93156
651 4 _aCiudad de México
_xEdificios, estructuras, etc.
_91264
700 1 _aOrtis Macedo, Luis
_99802
700 1 _aIven, Ludwig
_99803
902 _aDSC
942 _2lcc
_cB
999 _c3488
_d3488